Emotional intelligence - new perspectives and applications / (Record no. 290491)
[ view plain ]
| 000 -LEADER | |
|---|---|
| fixed length control field | 00435nam a2200133Ia 4500 |
| 008 - FIXED-LENGTH DATA ELEMENTS--GENERAL INFORMATION | |
| fixed length control field | 160209s9999 xx 000 0 und d |
| 100 ## - MAIN ENTRY--PERSONAL NAME | |
| Personal name | Di Fabio, A. |
| 245 ## - TITLE STATEMENT | |
| Title | Emotional intelligence - new perspectives and applications / |
| 245 ## - TITLE STATEMENT | |
| Statement of responsibility, etc | A. Di Fabio. |
| 260 ## - PUBLICATION, DISTRIBUTION, ETC. (IMPRINT) | |
| Name of publisher, distributor, etc | In Tech |
| 260 ## - PUBLICATION, DISTRIBUTION, ETC. (IMPRINT) | |
| Date of publication, distribution, etc | 2012 |
| 650 ## - SUBJECT ADDED ENTRY--TOPICAL TERM | |
| General subdivision | Emotional Intelligence. |
| 856 ## - ELECTRONIC LOCATION AND ACCESS | |
| Uniform Resource Identifier | <a href="http://www.intechopen.com/books/emotional-intelligence-new-perspectives-and-applications">http://www.intechopen.com/books/emotional-intelligence-new-perspectives-and-applications</a> |
| Withdrawn status | Lost status | Damaged status | Home library | Current library | Date acquired | Total Checkouts | Date last seen | Price effective from | Koha item type |
|---|---|---|---|---|---|---|---|---|---|
| College Library | College Library | 02/09/2016 | 02/09/2016 | 02/09/2016 | Curriculum - Based eBooks |